000 00525nam a2200181Ia 4500
003 GCL
008 140319s9999 xx 000 0 eng d
020 _a0631214259
040 _aGCL /
_cGCL
082 0 4 _a174.4
_bD E
100 1 _aDE GEORGE, RICHARD T.
245 1 0 _aTHE ETHICS OF INFORMATION TECHNOLOGY AND BUSINESS /
_cDE GEORGE, RICHARD T.
260 _aنيويورك :
_bBLACKWELL PUBLISHERS ،
_c2003
300 _a24 CM ؛
_c289 P
650 0 4 _aBUSINESS ETHICS
650 0 4 _aPROFESSIONAL ETHICS
942 _2ddc
_cBK
999 _c7281
_d7281